La technologie /

Prem?ere partie; Deux?eme partie; Troisieme partie; Quatriefme partie; Cinquieme partie; Index bilngguei.

Wedi'i Gadw mewn:
Manylion Llyfryddiaeth
Prif Awdur: Bianciotto, André.
Awduron Eraill: Boye, Pierre.
Fformat: Llyfr
Iaith:French
Cyhoeddwyd: Paris : Delagrve, 1989.
Pynciau:
Tagiau: Ychwanegu Tag
Dim Tagiau, Byddwch y cyntaf i dagio'r cofnod hwn!
Thư viện lưu trữ: Mạng thư viện Đại học Đà Nẵng
LEADER 00905cam a2200337 i 4500
001 000044282
003 2647
005 20030319104311.0
008 010307|1989 vm 000 fre
020 |a 2206006456 
040 |a IRC  |c IRC  |d IRC 
041 0 |a fre 
082 1 4 |a 620.004  |b BI-A 
100 1 |a Bianciotto, André. 
245 0 3 |a La technologie /  |c Andre Bianciotto, Pierre Boye. 
260 |a Paris :  |b Delagrve,  |c 1989. 
300 |a 190p. ;  |c 28.5cm. 
520 3 |a Prem?ere partie; Deux?eme partie; Troisieme partie; Quatriefme partie; Cinquieme partie; Index bilngguei. 
630 0 4 |a Technology. 
650 0 4 |a Technology. 
700 1 |a Boye, Pierre. 
OWN |a DUT 
999 |a From the UDN01 
TYP |a Monograph 
TYP |a Printed language 
980 |a Mạng thư viện Đại học Đà Nẵng